| 000 | 00677nam a2200193 a 4500 | ||
|---|---|---|---|
| 001 | 000047628 | ||
| 005 | 20201002060638.0 | ||
| 008 | 091113s2017 dr ac 000 0dspa d | ||
| 020 | _a9789945609141 | ||
| 040 |
_aDO-SdBNP _bspa _cBNPHU |
||
| 082 |
_axxx _bR457s |
||
| 100 | 1 |
_aReyes, Orlando J.R. _d1963- _975255 |
|
| 245 | 1 | 0 |
_aSantiago Rodríguez : _btierra de musicos / _cJ.R. Orlando Reyes ; prólogo Lilian Carrasco. |
| 260 |
_aSanto Domingo : _bSantuario, _c2017. |
||
| 300 |
_a207 p. : _bil., retrs. ; _c24 cm. |
||
| 500 | _aIncluye datos biográficos del autor en la solapa de la cubierta. | ||
| 590 | _aInventariado, 2018/ YL | ||
| 700 | 1 |
_aCarrasco, Lilian _eprol. _966743 |
|
| 999 |
_c47116 _d47116 |
||